| 000 | 01053nam0a22002771 4500 | ||
|---|---|---|---|
| 001 | rc\595236 | ||
| 005 | 20250621175610.0 | ||
| 035 | _a(NLR Aleph) 005840000 | ||
| 090 |
_a5668855 _c5668855 |
||
| 100 | _a20031121d1986 |||y0rusy50 ca | ||
| 101 | 0 | _arus | |
| 102 | _aRU | ||
| 105 | _aa ||||||||| | ||
| 200 | 1 |
_aЦвет жизни _eСтихи _e[Переводы] _fСали Арчаков _g[Худож. И.И. Джансуева] |
|
| 210 |
_aГрозный _cЧеч.-Инг. кн. изд-во _d1986 |
||
| 215 |
_a99, [1] с. _cил. _d17 |
||
| 300 | _aПеред вып. дан. авт.: Сали Яхьяевич Арчаков | ||
| 327 | 0 | _aЦиклы: "Да будет добрым утро..."; Твое имя | |
| 464 | 0 |
_12001#$a"Да будет добрым утро..." _t"Да будет добрым утро..." |
|
| 464 | 0 |
_12001#$aТвое имя _tТвое имя |
|
| 700 | 1 |
_aАрчаков _bС. _gСали |
|
| 801 | 0 |
_aRU _bNLR _gpsbo |
|
| 801 | 1 |
_aRU _bELAR _2rusmarc |
|
| 852 |
_aNLR _j85-1/385 |
||
| 942 | _cBOOK | ||
| 980 | _aNB | ||